00823nam a2200169Ia 4500008004100000020001800041050002200059245007500081260002600156300003400182440001300216500012800229650014600357700001200503952012100515999001700636120626s9999 xx 000 0 und d a968-430-669-5 aLB1140.2 P43 1992 aPedagogía de la educación preescolar / Mario Carretero... [et al.] aMéxico : Santillana a340 p. : il., tablas ; 21 cm. aAula XXI aCada capítulo incluye: revisión y aplicaciones y bibliografía \ Título original: Pedagogía de la escuela infantil aPEDAGOGÍA - EDUCACIÓN INFANTIL - HISTORIA \ ESCUELA INFANTIL - EVALUACIÓN \ EDUCACIÓN INFANTIL - DIMENSIONES \ EDUCACIÓN ESTÉTICA aSer.Ì 00102ddc4070a22b22d2010-11-08l2m2oLB1140.2 P43 1992p17 000889r2023-08-01s2018-11-27t1w2012-06-26yLBf c73544d73544